[Event "Santo Domingo Duarte Memorial 5th"]
[Site "Santo Domingo"]
[Date "2016.01.09"]
[Round "2"]
[White "Marte Fermin, Johcrap"]
[Black "Batista Serrano, Angel Yuliano"]
[Result "1-0"]
[WhiteElo "1804"]
[BlackElo "1689"]
[PlyCount "101"]
[EventDate "2016.01.08"]
[EventType "swiss"]
[EventRounds "8"]
[EventCountry "DOM"]
[SourceTitle "CBM 170 Extra"]
[Source "ChessBase"]
[SourceDate "2016.02.25"]
[SourceVersion "1"]
[SourceVersionDate "2016.02.25"]
[SourceQuality "1"]

1. d4 e6 2. Nf3 d5 3. Bf4 Nf6 4. e3 c5 5. c3 Nc6 6. Bd3 Qb6 7. Qc1 Be7 8. h3 0-0 9. Nbd2 Bd7 10. Rb1 a6 11. Qd1 Rab8 12. Ne5 Rbd8 13. Qf3 Qa7 14. g4 b5 15. h4 c4 16. Bc2 Nxe5 17. dxe5 Ne8 18. g5 g6 19. h5 Ng7 20. hxg6 fxg6 21. Qh3 Nh5 22. Nf1 Bc6 23. Ng3 d4 24. Rh2 d3 25. Qxe6+ Rf7 26. Bd1 d2+ 27. Kf1 Bd5 28. Qh3 Nxf4 29. exf4 Bc5 30. e6 Rxf4 31. a4 Bxf2 32. Ne2 Bg3+ 33. Nxf4 Bxh2 34. Nxd5 Qg1+ 35. Ke2 Rxd5 36. e7 Re5+ 37. Kxd2 Qxg5+ 38. Kc2 Rxe7 39. Qxh2 Qf5+ 40. Kc1 Rd7 41. Qe2 Qf4+ 42. Kc2 Rd3 43. Ra1 Rh3 44. Qe8+ Kg7 45. Qd7+ Kf6 46. Qxh3 Qe4+ 47. Kc1 b4 48. Qf3+ Qxf3 49. Bxf3 b3 50. Bd5 g5 51. Bxc4 1-0